000 00656nam a2200205Ia 4500
003 IIN
005 20250502105723.0
008 231217s9999 xx 000 0 und d
020 _cRs.295.00
_a9789389261974
040 _aIIN
_bEnglish
082 _a610.73
_bGHA
100 1 _a Ghai, Sandhya
245 _aClinical Nursing Procedures
_bPostgraduate Institute of Medical Education & Research (PGIMER), Chandigarh National Institute of Nursing Education (NINE)/
_cSandhya Ghai
250 _a2nd ed
260 _bCBS
_aNew Delhi
_c2020
300 _axxxi, 1242 p.
650 1 _aFoundation
_vNursing
650 1 _aProcedures
_vClinical Nursing
942 _cBOOK
999 _c193
_d193